000 00508nam a2200181Ia 4500
005 20250326142434.0
008 250326s9999 xx 000 0 und d
037 _aTextbook
040 _aFMSL
_beng
_cFMSL
041 _aeng
_2eng
084 _qFMSL
100 _aBennis W
_9121035
245 4 _aThe 21st century organization : Reinventing through reengineering
_cBennis W; Mische M
260 _aOxford
_bOxford, Pleiffer & Co.
_c1995
300 _a127p
942 _cTB
999 _c1295028
_d1295028